Delito y empresa: estudios sobre la teoría del delito aplicada al Derecho Penal económico-empresarial

Saved in:
Bibliographic Details
Main Authors: Ragués i Vallès, Ramon (Author), Robles Planas, Ricardo (Author)
Format: Book
Language:Spanish
Published: Barcelona Atelier 2018
Edition:1a. ed
Series:Colección Atelier Penal
Subjects:
Tags: Add Tag
No Tags, Be the first to tag this record!

MARC

LEADER 00000cam a2200000 a 4500
001 UCC6438
003 CL-VaPUC
008 181207e20180000sp |||||||||||||||||spa|d
020 |a 9788417466084 
082 0 4 |a 345.03  |b RAG  |2 21 
100 0 |a Ragués i Vallès, Ramon  |e author  |9 600897 
700 0 |a Robles Planas, Ricardo  |e author  |9 600898 
245 1 0 |a Delito y empresa: estudios sobre la teoría del delito aplicada al Derecho Penal económico-empresarial 
250 |a 1a. ed 
300 |a 283 p 
942 |c BK 
945 |d 20181207 13:37:00  |a dcastane 
260 |a Barcelona  |b Atelier  |c 2018 
650 0 |a Teoría del delito  |9 258906 
650 0 |a CONCURSO DEL DELITO  |9 358121 
650 7 |a PARTICIPACION CRIMINAL  |2 CL-VaPUC  |9 383238 
583 |a last modification  |c 20181207 13:37:00  |k Rodrigo Vera 
490 0 |a Colección Atelier Penal 
999 |c 373386  |d 373384 
952 |0 0  |1 0  |3 erb  |4 0  |6 345_030000000000000_RAG_2018  |7 0  |8 A  |9 491487  |a BIBDER  |b BIBDER  |i 5522064  |l 5  |m 2  |o 345.03 RAG 2018  |p 5522064  |r 2024-10-22  |s 2024-09-13  |w 2019-11-24  |y BK  |z Catalogado en:20181207  |k DER